=LDR 00000nam 2200000 4500 =001 INLIS000000000005319 =005 20251013013234 =035 ##$$a 0010-1025000374 =007 ta =008 251013###########################0#ind## =082 ##$$a 305.42 =084 ##$$a 305.42 DWI p =100 #$$a Dwi Wahyuni =245 1#$$a Penelitian Operasional Pemberdayaan Wanita di Pemukiman Kumuh (Tahun Pertama) /$c Badan Koordinasi Keluarga Berencana Nasional =260 ##$$a Jakarta :$b Badan Koordinasi Keluarga Berencana Nasional,$c 2000 =300 ##$$a 7 Hal : $b Ilus ; $c 21 =650 #4$$a Keluarga Berencana =700 #$$a M. Dawam =700 #$$a Erdha Ilyas =856 ##$$a Perpustakaan Kemendukbangga